Crónica de alados y aprendices /

Guardado en:
Autor Principal: Cross, Esther
Formato: Libro
Publicado: Buenos Aires : Emecé, 1992
Materias:
Etiquetas: Agregar Etiqueta
Sin Etiquetas, Sea el primero en etiquetar este registro!
LEADER 00600nam a22002175a 4500
001 CEM.cems017717
005 20110926095405.0
008 130507s1992##################000#0#####d
003 CEMS
020 |a 9500411660 
082 0 4 |a A863.44 
100 1 |a Cross, Esther 
245 1 0 |a Crónica de alados y aprendices /  |c Esther Cross 
260 |a Buenos Aires :  |b Emecé,  |c 1992 
300 |a 279 p. 
653 |a Literatura 
653 |a Literatura argentina 
653 |a Novelas 
653 |a Novela argentina 
653 |a Narrativa argentina 
859 |a CEMS  |b BIB. CEMS - Agricultura  |h A863.44  |i C884  |p A1460.11  |t Ej.1